Statistics for Gossip Girl actors/actresses

Click here to take the quiz!

General Stats

  • This quiz has been taken 555 times
  • The average score is 6 of 11

Answer Stats

HintAnswer% Correct
Serena van der WoodsenBlake Lively
98%
Blair WaldorfLeighton Meester
87%
Chuck BassEd Westwick
86%
Gossip Girl (Voice)Kristen Bell
67%
Jenny HumphreyTaylor Momsen
67%
Dan HumpheyPenn Badgley
65%
Nate ArchibaldChase Crawford
50%
VanessaJessica Szohr
35%
Lily van der WoodsenKelly Rutherford
35%
Eric van der WoodsenConnor Paolo
24%
Rufus HumphreyMatthew Settle
17%

Score Distribution

Percentile by Number Answered

Percent of People with Each Score

Your Score History

You have not taken this quiz